| 000 | 00000nas##2200000za#4500 |
|---|---|
| 001 | 9.514582 |
| 003 | CaOODSP |
| 005 | 20200325130004 |
| 007 | ta |
| 008 | 150406c2000||||xxc|| m #||||f| |0eng|d |
| 040 | |aCaOODSP|beng |
| 043 | |an-cn--- |
| 086 | 1 |aEn46-32E |
| 110 | 1 |aCanada.|bEnvironment Canada. |bCommercial Chemicals Evaluation Branch. |
| 245 | 10|aCommercial Chemicals Evaluation report |
| 260 | |aOttawa - Ontario : |bEnvironment Canada. |
| 563 | |aSpiral binding |
| 775 | 08|tÉvaluation des produits chimiques commerciaux: rapport |w(CaOODSP)9.512977 |